Anar al contingut

Цифровые технологии в менеджменте качества учебное пособие

В учебном пособии рассмотрены современные тенденции цифровизации экономики, реализации цифровых технологий в управлении качеством и создании цифровой системы менеджмента качества (ЦСМК). Процесс цифровой трансформации СМК на предприятии предполагает получение ответа на несколько вопросов: зачем тран...

Descripció completa

Guardat en:
Dades bibliogràfiques
Autor principal: Васильев В. А.
Altres autors: Александрова С. В.
Format: Книга
Idioma:Russian
Publicat: Москва МАИ 2021
Accés en línia:https://e.lanbook.com/book/207521
https://e.lanbook.com/img/cover/book/207521.jpg
Etiquetes: Afegir etiqueta
Sense etiquetes, Sigues el primer a etiquetar aquest registre!
LEADER 02121nam0a2200265 i 4500
001 207521
003 RuSpLAN
005 20221220174146.0
008 221220s2021 ru gs 000 0 rus
020 |a 978-5-4316-0808-7 
040 |a RuSpLAN 
041 0 |a rus 
044 |a ru 
245 0 0 |a Цифровые технологии в менеджменте качества  |b учебное пособие  |c Васильев В. А.,Александрова С. В. 
260 |a Москва  |b МАИ  |c 2021 
300 |a 96 с. 
500 |a Редсовет МАИ 
504 |a Библиогр.: доступна в карточке книги, на сайте ЭБС Лань 
520 8 |a В учебном пособии рассмотрены современные тенденции цифровизации экономики, реализации цифровых технологий в управлении качеством и создании цифровой системы менеджмента качества (ЦСМК). Процесс цифровой трансформации СМК на предприятии предполагает получение ответа на несколько вопросов: зачем трансформировать; что трансформировать; как трансформировать. В данной работе проанализированы некоторые аспекты цифровой трансформации. Для студентов, обучающихся по программе бакалавриата 27.03.02, а также для аспирантов, магистров и специалистов по направлению “Управление качеством”. 
521 8 |a Книга из коллекции МАИ - Экономика и менеджмент 
100 1 |a Васильев В. А. 
700 1 |a Александрова С. В. 
856 4 |u https://e.lanbook.com/book/207521 
856 4 8 |u https://e.lanbook.com/img/cover/book/207521.jpg 
953 |a https://e.lanbook.com/img/cover/book/207521.jpg 
Cannot write session to /tmp/vufind_sessions/sess_4tkvq04t34mb5obv8qsbhvgcon